Statistiken für Fische A-Z - Bilderquiz

Klicken Sie hier um das Quiz zu spielen!

Allgemein

  • Dieses Quiz wurde 562 mal gespielt
  • Das Durchschnittsergebnis liegt bei 15 aus 22

Antwortstatistiken

Antwort% Korrekt
Aal
99%
Hammerhai
97%
Seepferdchen
96%
Clownfisch
94%
Rochen
94%
Goldfisch
91%
Barsch
88%
Karpfen
88%
Lachs
88%
Thunfisch
83%
Flunder
82%
Zander
79%
Dorsch
78%
Igelfisch
73%
Walhai
72%
Piranha
71%
Muräne
69%
Quastenflosser
37%
Neunauge
32%
Engelhai
8%
Orfe
7%
Viktoriabarsch
2%

Verteilung der Resultate

Perzentil nach korrekt beantworteten Fragen

Anzahl Personen mit jedem Resultat

Ihre Resultats-Entwicklung

Sie haben dieses Quiz noch nicht gespielt